[Event "FRA-ch U10 Girls"]
[Site "Le Grand Bornand"]
[Date "2007.04.??"]
[Round "7"]
[White "Brunet, Pauline"]
[Black "Del Valle, Julie"]
[Result "1-0"]
[WhiteElo "1390"]
[BlackElo "1230"]
[PlyCount "119"]
[EventDate "2007.04.07"]
[EventType "swiss"]
[EventRounds "9"]
[EventCountry "FRA"]
[SourceTitle "CBM 118 Extra"]
[Source "ChessBase"]
[SourceDate "2007.07.04"]
[SourceVersion "1"]
[SourceVersionDate "2007.07.04"]
[SourceQuality "1"]

1. e4 e5 2. Nf3 Nc6 3. Bc4 Nf6 4. Ng5 d5 5. exd5 Na5 6. Bb5+ c6 7. dxc6 bxc6 8. Be2 h6 9. Nf3 e4 10. Ne5 Bd6 11. Nc4 Nxc4 12. Bxc4 0-0 13. h3 Be6 14. Bxe6 fxe6 15. 0-0 Nd5 16. d3 exd3 17. cxd3 Qf6 18. Qg4 Qe5 19. g3 Nf6 20. Qg6 Qh5 21. Qxh5 Nxh5 22. Re1 Bc5 23. Be3 Bb4 24. Nc3 Rad8 25. a3 Bd6 26. Bxa7 e5 27. Ne4 Rd7 28. Nxd6 Rxa7 29. Rxe5 Nf6 30. Rc1 Nd7 31. Re7 c5 32. b4 cxb4 33. axb4 Rfa8 34. Rc8+ Rxc8 35. Nxc8 Ra1+ 36. Kg2 Ra8 37. Rxd7 Rxc8 38. b5 Rb8 39. Rd5 Kf7 40. Kf3 Ke6 41. Ke4 g6 42. f4 Kf6 43. Rd6+ Kf7 44. b6 Re8+ 45. Kd5 Ke7 46. Kc6 Rc8+ 47. Kb7 Kxd6 48. Kxc8 Kc6 49. b7 g5 50. b8Q gxf4 51. Qxf4 h5 52. g4 h4 53. g5 Kd5 54. g6 Ke6 55. Qf7+ Ke5 56. g7 Kd4 57. g8Q Kxd3 58. Qc4+ Ke3 59. Qg1+ Kf3 60. Qcg4# 1-0

[Event "FRA-ch U10 Girls"]
[Site "Le Grand Bornand"]
[Date "2007.04.??"]
[Round "9"]
[White "Brunet, Pauline"]
[Black "Saucey, Milena"]
[Result "1-0"]
[WhiteElo "1390"]
[BlackElo "1330"]
[PlyCount "89"]
[EventDate "2007.04.07"]
[EventType "swiss"]
[EventRounds "9"]
[EventCountry "FRA"]
[SourceTitle "CBM 118 Extra"]
[Source "ChessBase"]
[SourceDate "2007.07.04"]
[SourceVersion "1"]
[SourceVersionDate "2007.07.04"]
[SourceQuality "1"]

1. e4 e5 2. Nf3 Nc6 3. Bc4 Nf6 4. Ng5 d5 5. exd5 Na5 6. Bb5+ c6 7. dxc6 bxc6 8. Be2 h6 9. Nf3 Bd6 10. d3 0-0 11. 0-0 Nb7 12. c3 Qc7 13. h3 c5 14. Be3 Be6 15. Nbd2 Qd7 16. Ne4 Nd5 17. Bxh6 gxh6 18. c4 f5 19. cxd5 fxe4 20. dxe6 Qxe6 21. dxe4 Rf4 22. Qc2 Kf8 23. Bc4 Qg6 24. Qe2 Qxe4 25. Qxe4 Rxe4 26. Bd5 Rb4 27. Rfd1 Be7 28. Nxe5 Bf6 29. Nd7+ Ke7 30. Nxf6 Kxf6 31. Bxb7 Rxb7 32. Rac1 Rxb2 33. Rxc5 Rxa2 34. Rd6+ Kg7 35. Rc7+ Kf8 36. Rxh6 Kg8 37. Rch7 Ra1+ 38. Kh2 a5 39. Rh8+ Kg7 40. Rxa8 Kxh6 41. Ra6+ Kg5 42. g4 Ra2 43. Kg3 Ra3+ 44. f3 a4 45. h4# 1-0